00502nam a2200193 a 4500001001300000003000900013005001700022008004100039020001000080082001500090100001800105245002600123260003700149300000900186500003500195505004100230650001900271700001800290nice12345678IN_TiNIC20260116011442.0050524s1924 caia grp 000 0 ara  ac10000a297.4bMUB aMubarak, Zaki aAkhlaaq Indal Ghazali aCairobUniversity of Egyptc1924 a434p aincludes index and biblioraphy2 a12 Volumes in Bounded in Six Volumes aSufism-Ghazali1 aMubarak, Zaki